Business problems and opportunities Spain

Bewaard in:
Bibliografische gegevens
Formaat: Boek
Taal:Undetermined
Gepubliceerd in: Geneva Business International 1965
Onderwerpen:
Tags: Voeg label toe
Geen labels, Wees de eerste die dit record labelt!
Thư viện lưu trữ: Trung tâm Học liệu Trường Đại học Cần Thơ
LEADER 00424nam a2200157Ia 4500
001 CTU_83386
008 210402s9999 xx 000 0 und d
082 |a 338.7 
082 |b B979 
245 0 |a Business problems and opportunities Spain 
260 |a Geneva 
260 |b Business International 
260 |c 1965 
650 |a Business 
904 |i QHieu(sửa) 
980 |a Trung tâm Học liệu Trường Đại học Cần Thơ